000 00899nam a22002537a 4500
999 _c161898
_d161898
005 20190805145216.0
010 _a1819CHEN B-717537-557
020 _a9789384225421
_c199.00
035 _aB-717537-557
035 _aB-728514
037 _bPragati Publications
082 _aS
100 _aKipling, Rudyard
245 _aKim /
_cby Rudyard Kipling; adapted by Swayam Ganguly
260 _aNew Delhi
_bOm Kidz
_c2018
270 _a107, Ansari Road, Darya Ganj
_bNew Delhi
_e110002
300 _a240p.:
_bill.
_c20cm(Hb)
490 _aOm illustrated classics
500 _aAirport
700 _aGanguly,Swayam
942 _2ddc
_cCH
_mKIP
_hS